Score 0/10 Timer 01:00
0 Plays Today
Events % Correct
Dramatic Interpretation
84%
Humorous Interpretation
76%
Original Oratory
72%
Duo Interpretation
68%
Policy Debate
64%
Lincoln-Douglas Debate
64%
Congressional Debate
60%
Public Forum Debate
52%
International Extemporaneous Speaking
40%
United States Extemperanous Speaking
24%
Remove Ads.
Support Sporcle.
Get the best of Sporcle when you Go Orange. This ad-free experience offers more features, more stats, and more fun while also helping to support Sporcle. Thank you for becoming a member.

You're not logged in!

Compare scores with friends on all Sporcle quizzes.
OR
Log In

Show Comments

Extras

Top Quizzes Today


Score Distribution

Your Account Isn't Verified!

In order to create a playlist on Sporcle, you need to verify the email address you used during registration. Go to your Sporcle Settings to finish the process.

Report this User

Report this user for behavior that violates our Community Guidelines.

Details: